Globalisation in Fashion Opportunities and challenges to bring about sustainable change

Bibliográfiai részletek
Szerzők: Forintos-Szűcs Anita
Sólyom Andrea
Dokumentumtípus: Könyv része
Megjelent: Budapesti Gazdaságtudományi Egyetem Budapest, Magyarország 2026
Sorozat:ESG - Risk Management or New Sustainability? VIII.BUEB International Sustainability Student ConferenceProceedings - Budapest University of Economics and Business 2025
Tárgyszavak:
doi:10.29180/978-615-6886-27-9_4

Kulcsszavak:fashion
ESG
globalisation
Sustainability
greenwashing
Circular Economy
systematic literature review
Online Access:http://publikaciotar.uni-bge.hu/2634

MARC

LEADER 00000naa a2200000 i 4500
001 publ2634
005 20260326115801.0
008 260326s2026 hu o 000 zxx d
020 |a 978-615-6886-27-9 
024 |a 10.29180/978-615-6886-27-9_4  |2 doi 
040 |a BGE Publikációtár Repozitórium  |b hun 
100 1 |a Forintos-Szűcs Anita 
245 1 0 |a Globalisation in Fashion  |b Opportunities and challenges to bring about sustainable change  |c Forintos-Szűcs Anita  |h [elektronikus dokumentum] 
260 |a Budapesti Gazdaságtudományi Egyetem  |b Budapest, Magyarország  |c 2026 
300 |a 1-12 
490 0 |a ESG - Risk Management or New Sustainability? VIII.BUEB International Sustainability Student ConferenceProceedings - Budapest University of Economics and Business 2025 
650 4 |a gazdálkodás- és szervezéstudományok 
695 |a fashion 
695 |a ESG 
695 |a globalisation 
695 |a Sustainability 
695 |a greenwashing 
695 |a Circular Economy 
695 |a systematic literature review 
700 1 |a Sólyom Andrea  |e aut 
856 4 0 |u https://publikaciotar.uni-bge.hu/id/eprint/2634/1/SUS%20Conference%20Proceedings%20-%20ESG%20Risk%20Managenemt_4.cikk.pdf  |z Dokumentum-elérés